| 000 | 01644nam0a2200373 4500 | ||
|---|---|---|---|
| 001 | RU\NLR\BIBL_A\012375461 | ||
| 005 | 20210113122456.0 | ||
| 010 |
_a978-5-8331-0413-2 _950 |
||
| 021 |
_aRU _bКН-П-20-036243 _9КН-П-20-2754 |
||
| 035 | _a(NLR Aleph) 012375461 | ||
| 035 | _a(RuMoRGB)010363420 | ||
| 090 |
_a11596272 _c11596272 |
||
| 100 | _a20201012d2019 k y0rusy50 ca | ||
| 101 | 0 | _arus | |
| 102 | _aRU | ||
| 105 | _aach|z|||000zy | ||
| 181 | 0 |
_ai _baxxe |
|
| 182 | 0 | _an | |
| 200 | 1 |
_aЧетверо с "Интрепида" _eСССР, США, пропаганда и контрпропаганда во время войны во Вьетнаме (1964-1973 гг.) _fД. В. Кузнецов |
|
| 203 |
_aТекст _bвизуальный _cнепосредственный |
||
| 210 |
_aБлаговещенск _cИзд-во БГПУ _d2019 |
||
| 215 |
_a237, [2] с. _cил., портр., факс. _d22 |
||
| 320 | _aБиблиогр.: с. 167-173, в конце гл. и в подстроч. примеч. | ||
| 606 | 1 |
_aВойна во Вьетнаме _xВоенная пропаганда _z1961 - 1975 _92463144 _3RU\NLR\AUTH\6601680874 |
|
| 610 | 0 | _a"холодная война" | |
| 610 | 0 | _aпропаганда | |
| 686 | 1 | _aЦ35(0)633.11-44 | |
| 700 | 1 |
_7ca _8rus _aКузнецов _bД. В. _cканд. филол. наук _gДмитрий Владимирович _963158 _3RU\NLR\AUTH\7780230 |
|
| 942 | _cBOOK | ||
| 980 | _aNBR | ||
| 980 | _aNB | ||